000 00620nam a2200181Ia 4500
008 100920s9999 xx 000 0 und d
082 _b84135
_a891.463.1 न 02
100 _aदेसाई अरूणा.
245 _aलंगडा बाळकृष्ण.
260 _bपॅपिलॉन पब्लिशिंग हाऊस, पुणे.
_c2002
300 _a144
_bसाधी
365 _b130
520 _aलघुकथा.
630 _aलंगडा बाळकृष्ण.
650 _aलघुकथा.
730 _aलंगडा बाळकृष्ण.
942 _cBOOK
999 _c724721
_d724718